| 000 | 01306cam a22001934a 4500 | ||
|---|---|---|---|
| 005 | 20250605163931.0 | ||
| 008 | 250528s ||||||||||||||||||||||||d | ||
| 035 | _a14699 | ||
| 020 | _a805811176 | ||
| 040 |
_aGR-AtMCL _bgre _dGR-AtMCL _eAACR2 |
||
| 245 | 1 | _aUnderstanding Social Science Statistics / A Spreadsheet Approach | |
| 260 |
_bLawrence Erlbaum Associates, Publishers, _c1992 |
||
| 300 | _a456 | ||
| 520 | _aPreface, Preliminaries: How to Use This Book, Getting Started: An Introduction to Hypothesis Testing, Inferring From a Sample: The Binomial Distribution, Measuring Variables: Some Basic Vocabulary, Describing a Sample: Descriptive Statistics, Inferring From a Sample: The Normal and t Distributions, Accounting the Variance: A Single Predictor, Bivariate Relations: The Regression and Correlation Coefficients, Inferring From a Sample: The F Distribution, Accounting for Variance: Two or More Predictors, Single-Factor Between Subjects Studies, Planned Comparisons and Post Hoc Tests and Adjusted Means, Studies with More Than One Between Subjects Factor, Single-Factor Within Subjects Studies, Two-Factor Studies With Repeated Measures, Power and Pitfalls and Practical Matters, References. | ||
| 700 | 1 |
_aBakeman Roger _9447 |
|
| 942 | _cBK | ||
| 999 |
_c320 _d320 |
||